Score 0/18 Timer 05:00
0 Plays Today
Scrambled Movie Unscrambled Movie % Correct
IATX REDRIVTaxi Driver
89.7%
ECPA RAFECape Fear
87.3%
ICEKAJ NOBRWJackie Brown
83.8%
LAZIRBBrazil
80.3%
AMD OGD NAD LOGYRMad Dog and Glory
71.6%
Actor appearing in all these films:Robert De Niro
68.1%
NAME ESTERSTMean Streets
66.8%
TELLIT SOREKFCLittle Fockers
60.8%
ZANYLEA SITHAnalyze This
59.7%
Scrambled Movie Unscrambled Movie % Correct
TILGUY YB SONPUSCIIGuilty by Suspicion
56.7%
NNOIRRonin
53.9%
CARDKTAFBBackdraft
50.1%
GLEAN RATHEAngel Heart
45%
PELERESSSleepers
41.1%
RATTUSSDStardust
24.8%
SWANGAEKINAwakenings
20.6%
FLOGSODALEGoodfellas
19.7%
TWOMESHIShowtime
18.3%
Remove Ads.
Support Sporcle.
Get the best of Sporcle when you Go Orange. This ad-free experience offers more features, more stats, and more fun while also helping to support Sporcle. Thank you for becoming a member.

You're not logged in!

Compare scores with friends on all Sporcle quizzes.
OR
Log In

Show Comments

Extras

Top Quizzes Today


Score Distribution

Your Account Isn't Verified!

In order to create a playlist on Sporcle, you need to verify the email address you used during registration. Go to your Sporcle Settings to finish the process.

Report this User

Report this user for behavior that violates our Community Guidelines.

Details: